| 000 | 00663cam a2200205 4500 | ||
|---|---|---|---|
| 001 | 26875 | ||
| 005 | 20230410121202.0 | ||
| 008 | 060907n2003 enk eng | ||
| 020 | _a1849844472 | ||
| 035 | _9funglode27078 | ||
| 041 | _aeng | ||
| 050 | 1 | 4 |
_aJZ 1318 _bW361 2003 |
| 245 | 0 | 0 |
_aWe are everywhere : _bthe irresistible rise of global anticapitalism / _cedited by Notes From Nowhere. |
| 260 |
_aLondon ; _aNew York : _bVerso, _c2003. |
||
| 300 |
_a521p. : _bill. ; _c13 x 18 cm. |
||
| 504 | _aIncludes bibliographical references and index. | ||
| 650 | 0 | _aAnti-globalization movement. | |
| 710 | 2 | _aNotes from Nowhere (Organization) | |
| 942 |
_2lcc _cbk |
||
| 999 |
_c59654 _d59654 |
||